000 01776cam a22004574i 4500
003 PE-LiUPU
005 20250731173001.0
008 150623s r 000 0 d
020 _a0687035376
035 _a(Sirsi) i9780687035373
040 _aPE-LiUPU
_bspa
_cPE-LiUPU
_erda
049 _aPRUA
082 0 4 _a227.406
_bL82
_221
100 1 _aLongenecker, Bruce W.,
_eautor.
245 1 4 _aThe triumph of Abraham's God :
_bthe transformation of identity in Galatians /
_cBruce W. Longenecker.
264 1 _aNashville, TN :
_bAbingdon Press,
_c1998.
300 _a236 páginas ;
_c22 centímetros
336 _atext
_2rdacontent
337 _aunmediated
_2rdamedia
338 _avolume
_2rdacarrier
504 _aIncluye bibliografía.
505 0 _athe triumph of God and salvation history in Galatians. -The influence of agitators in Galatian christianity. -The establishment of the new world. -Eschatological moral identity. -Christ, Israel, and covenant teheology. -The Law, Abraham, and Christ. -Eschatological transformation embodied. -Concluding observations.
526 _aSEG42
526 _aSEG41
526 _aSEG40
526 _aSEG39
526 _aP94
526 _aP87
526 _aP86
526 _aP85
526 _aP77
526 _aP76
526 _aP35
630 _aBiblia.
_pN.T.
_PG álatas
_xComentarios.
942 _2ddc
_cBOOK
949 _a227.406 L82
_wDEWEY
_c1
_i45539
_lCCODEBUL1
_mBUL
_r0
_sY
_tBOOK
_u2015-6-24
_xTEOLOGIA
_PP35
_0COMPRA
_o.STAFF. Colección General
994 _aC0
_bPEPRU
596 _a1
999 _a227.406 L82
_wDEWEY
_c22401
_i45539
_f2021-11-9
_g5
_lCCODEBUL1
_mBUL
_r0
_sY
_tBOOK
_u2015-6-24
_xTEOLOGIA
_PP35
_0COMPRA
_o.STAFF. Colección General
_d22401
980 _81
_gALBERTO SANCHEZ Responsable de Automatización